ا ر د و ہا یکو میں پیکر تر ا شی / (Record no. 148596)

MARC details
000 -LEADER
fixed length control field 00685nam a22001937a 4500
005 - DATE AND TIME OF LATEST TRANSACTION
control field 20230209104821.0
010 ## - LCCN (DPL NO)
LC control number UR-9987
020 ## - INTERNATIONAL STANDARD BOOK NUMBER
International Standard Book Number 9789386285478
Terms of availability 200.00
035 ## - SYSTEM CONTROL NUMBER
System control number U-8542
037 ## - SOURCE OF ACQUISITION
Source of stock number/acquisition DBAD/PUB
082 ## - DEWEY DECIMAL CLASSIFICATION NUMBER
Classification number 841.08
100 ## - MAIN ENTRY--PERSONAL NAME
Personal name محسن جلگا نو ی
245 ## - TITLE STATEMENT
Title ا ر د و ہا یکو میں پیکر تر ا شی /
Statement of responsibility, etc محسن جلگا نو ی
246 ## - VARYING FORM OF TITLE
Remainder of title Urdu Haiko Mein Paiker Tarashi /
Title proper/short title by Mohsin Jalganvi
260 ## - PUBLICATION, DISTRIBUTION, ETC. (IMPRINT)
Place of publication, distribution, etc Delhi
Name of publisher, distributor, etc Educational Publishing House
Date of publication, distribution, etc 2016 ء
270 ## - ADDRESS
Address 3191,Vakil Street,Kucha Pandit,Lal Kuan,
City Delhi
Postal code 110006
Telephone number 23216162
Fax number -
300 ## - PHYSICAL DESCRIPTION
Extent 336 ص
Dimensions 22cm(Hb)
942 ## - ADDED ENTRY ELEMENTS (KOHA)
Source of classification or shelving scheme Dewey Decimal Classification
Item type Urdu Bks
Classification part 841.08
Call number suffix م ح س
Holdings
Withdrawn status Lost status Not for loan Collection code Home library Current library Date acquired Source of acquisition Cost, normal purchase price Full call number Barcode Copy number Cost, replacement price Koha item type
      Non-fiction Patel Nagar Patel Nagar 01/01/2018 DBAD/PUB. 200.00 841.08 م ح س U-8542 1 200.00 Urdu Bks

© Delhi Public Library
Hit Counter
free hit counter